000 00531nam a22001937a 4500
003 OSt
005 20250524142037.0
008 250513b |||||||| |||| 00| 0 eng d
020 _a9788123925929
040 _cddc
082 _a617
100 _aJain, Sudhir Kumar
245 _aCase Discussions in Surgery
_bwith Questions and Answers
_cSudhir Kumar Jain; Raman Tanwar
250 _a1st
260 _aNew Delhi
_bCBS Publishers & Distributors
_c2025
650 _vPhysiotherapy
_xSurgery
942 _cBK
_2ddc
999 _c249057
_d249057